Loading...
| Geography | 1 | 2 | 0 | 0 | 35 | 79 | 97.33 | 2 | 3 | 11.43 | 33.33 |
| Religion | 1 | 2 | 0 | 0 | 35 | 75 | 93.67 | 1 | 3 | 13.79 | 30.83 |
| History - World | 0 | 4 | 2 | 0 | 30 | 77 | 90.75 | 1 | 3 | 9.55 | 19.78 |
| Social Science | 1 | 1 | 0 | 0 | 25 | 47 | 65.00 | 1 | 1 | 6.91 | 8.89 |
| Other Academic | 0 | 1 | 0 | 1 | 10 | 138 | 138.00 | 0 | 0 | 0.07 | 2.00 |
| History - European | 0 | 1 | 0 | 0 | 10 | 110 | 110.00 | 0 | 0 | 1.73 | 2.00 |
| Mythology | 0 | 1 | 0 | 1 | 10 | 133 | 133.00 | 0 | 0 | 0.21 | 2.38 |
| Science - Biology | 0 | 1 | 0 | 0 | 10 | 101 | 101.00 | 0 | 1 | 2.84 | 5.00 |
| Current Events | 0 | 1 | 0 | 0 | 10 | 118 | 118.00 | 0 | 0 | 2.90 | 5.71 |
| History - American | 0 | 1 | 1 | 0 | 5 | 96 | 96.00 | 1 | 1 | 3.74 | 10.00 |
| History - Other | 0 | 0 | 1 | 0 | -5 | 0.00 | 0 | 0 | 0.00 | 0.00 |